Catàleg del Col·legi de Periodistes de Catalunya

Cuadernos del Madrid (Registre núm. 4970)

000 -CABECERA
Longitud fija campo de control 00521nas a2200205 a 4500
001 - NÚMERO DE CONTROL
Número de control 4970
003 - IDENTIFICADOR DEL NÚMERO DE CONTROL
Identificador del número de control CDMR
005 - FECHA Y HORA DE LA ÚLTIMA TRANSACCIÓN
Fecha y hora de la última transacción 20151119132412.0
008 - CÓDIGOS DE INFORMACIÓN DE LONGITUD FIJA
Códigos de información de longitud fija 130130d19971999||||||||||||||||||||spa|d
040 ## - FUENTE DE LA CATALOGACIÓN
Centro catalogador de origen CDMR
Lengua de catalogación cat
Centro transcriptor CPC GIRONA
245 00 - MENCIÓN DE TÍTULO
Título Cuadernos del Madrid
260 ## - PUBLICACIÓN, DISTRIBUCIÓN, ETC. (PIE DE IMPRENTA)
Lugar de publicación, distribución, etc. Madrid
Nombre del editor, distribuidor, etc. Madrid Diario de la Noche
260 ## - PUBLICACIÓN, DISTRIBUCIÓN, ETC. (PIE DE IMPRENTA)
Fecha de publicación, distribución, etc. 1997-1999
300 ## - DESCRIPCIÓN FÍSICA
Extensión v.
310 ## - PERIODICIDAD ACTUAL
Periodicidad actual Irregular
362 ## - FECHAS DE PUBLICACIÓN Y/O DESIGNACIÓN SECUENCIAL
Fecha de publicación y/o designación secuencial Núm. 1 (1997) - Núm. 4 (1999)
650 04 - PUNTO DE ACCESO ADICIONAL DE MATERIA - TÉRMINO DE MATERIA
9 (RLIN) 3919
Término de materia o nombre geográfico como elemento inicial Periodisme
Subdivisión de forma Revistes
650 04 - PUNTO DE ACCESO ADICIONAL DE MATERIA - TÉRMINO DE MATERIA
9 (RLIN) 4390
Término de materia o nombre geográfico como elemento inicial Diaris
Subdivisión de materia general Història
942 ## - ENTRADA DE ELEMENTOS AGREGADOS (KOHA)
Koha [por defecto] tipo de item Publicacions periòdiques
Fuente de clasificaión o esquema
Fons
Suprimido Perdido Estropeado No para préstamo Localización permanente Localización actual Fecha adquisición Serie de enumeración / cronología Fecha última consulta Fecha del precio de reemplazo Tipo de item de Koha
        Centre de Documentació Montserrat Roig Centre de Documentació Montserrat Roig 2013-06-27 1 (1997) 2013-06-27 2013-06-27 Publicacions periòdiques
        Centre de Documentació Montserrat Roig Centre de Documentació Montserrat Roig 2013-06-27 2 (des. 1997) 2013-06-27 2013-06-27 Publicacions periòdiques
        Centre de Documentació Montserrat Roig Centre de Documentació Montserrat Roig 2013-06-27 3 (abril 1998) 2013-06-27 2013-06-27 Publicacions periòdiques
        Centre de Documentació Montserrat Roig Centre de Documentació Montserrat Roig 2013-06-27 4 (abril 1999) 2013-06-27 2013-06-27 Publicacions periòdiques

Implantat amb Koha